000 00296nam a22001337a 4500
008 171009b xxu||||| |||| 00| 0 eng d
020 _a0393023192
041 _aeng
080 _a159.9
100 _a49
101 _aPSI
245 _aTHE BATTLE FOR HUMAN NATURE
_cSCHWARTZ,B
942 _2udc
_cBK
999 _c32539
_d32539